00913cam a22002293a 45000010005000000030006000050050017000110080041000280400015000690420007000840500007000911000031000982450255001292600029003845060030004135160020004436530051004636530046005146530054005608300028006148560041006424976PGUSA20140828083112.0040928s2004||||xxu|||||s|||||000 | eng d aPGUSAbeng adc 4aDU1 aSturt, Charles,d1795-186910aNarrative of an Expedition into Central Australia :bPerformed Under the Authority of Her Majesty's Government, During the Years 1844, 5, and 6, Together With A Notice of the Province of South Australia in 1847h[electronic resource] /cCharles Sturt bProject Gutenberg,c2004 aPublic domain in the USA. aElectronic text aCentral Australia -- Discovery and exploration aSouth Australia -- Description and travel aNatural history -- Australia -- Central Australia 0aProject Gutenbergv497640uhttp://www.gutenberg.org/ebooks/4976